| 000 | 00792nam a2200193Ia 4500 | ||
|---|---|---|---|
| 003 | OSt | ||
| 005 | 20250818183420.0 | ||
| 007 | ca aa aaaaa | ||
| 008 | 201103s9999 xx 000 0 und d | ||
| 040 | _cSSBUL | ||
| 041 | _abur | ||
| 082 |
_223 _a၂၉၄.၃၄၃၅ ရွှေ _b၉၃၂၇ S-SAT |
||
| 245 | 0 | 0 | _aရွှေတိဂုံစေတီတော်နှစ် ၂၆၀၀ ပြည့်ဗုဒ္ဓပူဇနိယပွဲတော် ။ |
| 260 |
_a[နေရာမပါ] ၊ _b[ထုတ်ဝေသူမပါ]၊ _c၂၀၁၂။ |
||
| 300 |
_aတ၊ ၁၆၉ စာမျက်နှာ ၊ _c၃၀ စင်တီ။ |
||
| 500 | _aS-SAT: Dr. Sai Aung Tun | ||
| 650 |
_aရွှေတိဂုံစေတီတေ် _955012 |
||
| 942 |
_2ddc _cBK1 |
||
| 999 |
_c16823 _d16823 |
||